Zmeny v druhom pilieri starobného dôchodkového sporenia od 1. apríla 2012

Zmena novely zákona o starobnom dôchodkovom sporení, ktorá nadobúda účinnosť od 1. apríla 2012. Zavedenie takzvanej povinnej, respektíve automatickej účasti na starobnom dôchodkovom sporení s možnosťou výstupu na základe písomného prejavu vôle sporiteľa nebyť zúčastnený na starobnom dôchodkovom spor...

Descrizione completa

Salvato in:
Dettagli Bibliografici
Autore principale: Hudíková, Zuzana
Natura: Capitolo di libro
Lingua:slovacco
Soggetti:
Tags: Aggiungi Tag
Nessun Tag, puoi essere il primo ad aggiungerne!!

MARC

LEADER 00000nla$a2200000$$$4500
001 0149552
005 20220729105259.4
041 0 |a slo 
044 |a SK 
245 1 0 |a Zmeny v druhom pilieri starobného dôchodkového sporenia od 1. apríla 2012  |c Zuzana Hudíková 
520 |a Zmena novely zákona o starobnom dôchodkovom sporení, ktorá nadobúda účinnosť od 1. apríla 2012. Zavedenie takzvanej povinnej, respektíve automatickej účasti na starobnom dôchodkovom sporení s možnosťou výstupu na základe písomného prejavu vôle sporiteľa nebyť zúčastnený na starobnom dôchodkovom sporení. 
610 2 0 |a poistenie sociálne 
610 2 0 |a poisťovne sociálne 
610 2 0 |a poistenie dôchodkové 
610 2 0 |a spoločnosti správcovské dôchodkové 
610 2 0 |a zabezpečenie dôchodkové 
610 2 0 |a poistníci 
610 2 0 |a zákony 
100 1 |a Hudíková, Zuzana